[Event "CAN-ch U12"]
[Site "Quebec"]
[Date "2018.07.05"]
[Round "7.92"]
[White "Kriemadis, Noah"]
[Black "Aubin, Felix"]
[Result "1-0"]
[WhiteElo "771"]
[BlackElo "733"]
[PlyCount "43"]
[EventDate "2018.07.02"]
[EventType "swiss"]
[EventRounds "7"]
[EventCountry "CAN"]
[SourceTitle "EXT 2022"]
[Source "ChessBase"]
[SourceDate "2021.10.06"]
[SourceVersion "1"]
[SourceVersionDate "2021.10.06"]
[SourceQuality "1"]

1. Nf3 d6 2. e4 e5 3. Bc4 d5 4. Bxd5 Bc5 5. Nxe5 Qf6 6. Nf3 Bg4 7. 0-0 Qh6 8. d4 Bd6 9. Bxh6 gxh6 10. Bxb7 Bxf3 11. Qxf3 f6 12. e5 fxe5 13. dxe5 Bxe5 14. Qh5+ Kd8 15. Qxe5 Nc6 16. Bxc6 Ne7 17. Qxh8+ Ng8 18. Qxg8+ Ke7 19. Bxa8 Kd7 20. Rd1+ Ke7 21. Qg7+ Ke8 22. Bc6# 1-0